000 00586cam a22002053a 4500
001 35481
003 PGUSA
005 20140828083750.0
008 110304s2011||||xxu|||||s|||||000 | eng d
040 _aPGUSA
_beng
042 _adc
100 1 _aFitzhugh, George
245 1 0 _aCannibals all! ;
_bor, Slaves without masters
_h[electronic resource] /
_cGeorge Fitzhugh
260 _bProject Gutenberg,
_c2011
506 _aPublic domain in the USA.
516 _aElectronic text
830 0 _aProject Gutenberg
_v35481
856 4 0 _uhttp://www.gutenberg.org/ebooks/35481
942 _cEB
999 _c264736
_d264736